000
00303 a2200145 4500
001
45702
020
_a
040
_c
Anchieta - Aquarius
240
1
0
_a
O computador de Fátima
_l
por
245
1
0
_a
O computador de Fátima
300
_a
362
0
_a
0
650
4
_a
Literatura infantil
942
_c
BK
999
_c
45702
_d
45702